[PAROLES] Vive le gang - Jok'Air (ft. Laylow) - Statistiques

Statistiques générales
  • Ce quiz a été pris 30 fois
  • Le résultat moyen est 133 sur 284
Statistiques - réponses
Hint Réponse % Correct
de
91%
Vive
91%
la
86%
à
82%
du
77%
un
77%
une
77%
Une
77%
au
73%
en
73%
En
73%
j'ai
73%
J'ai
73%
Les
73%
les
73%
ma
73%
pour
73%
ça
68%
des
68%
fait
68%
ou
68%
allemande
64%
dans
64%
gang
64%
j'suis
64%
son
64%
tu
64%
voiture
64%
AMG
59%
[Couplet 1 : Jok'Air] Cortège
59%
Côte d'Ivoire
59%
deux
59%
faire
59%
Jok'air
59%
Laylow
59%
mélancolie
59%
On
59%
on
59%
sur
59%
y
59%
boule
55%
coup
55%
culs
55%
depuis
55%
(Depuis)
55%
d'un
55%
et
55%
eu
55%
gros
55%
j'sors
55%
même
55%
mes
55%
Mes
55%
mis
55%
moi
55%
plaque
55%
plus
55%
Puis
55%
puis
55%
que
55%
qui
55%
tout
55%
Tout
55%
trois
55%
Aller
50%
bloc
50%
c'est
50%
C'est
50%
comme
50%
elle
50%
est
50%
fais
50%
font
50%
jamais
50%
l'bolide
50%
mais
50%
pourquoi
50%
toi
50%
verre
50%
veut
50%
vie
50%
Claude
45%
coucou
45%
déjà
45%
d'madame
45%
fond
45%
grimper
45%
j'me
45%
J'sais
45%
j'sais
45%
juste
45%
l'numéro
45%
Man
45%
mon
45%
(Ouh)
45%
peur
45%
plaques
45%
rien
45%
sais
45%
sens
45%
snaps
45%
société
45%
suite
45%
T'façon
45%
baby
41%
connaît
41%
folies
41%
j'fais
41%
j'n'ai
41%
léger
41%
l'truc
41%
menace
41%
pas
41%
potes
41%
soirs
41%
va
41%
vous
41%
Askip
36%
détruis
36%
dose
36%
jolies
36%
joujoux
36%
longue
36%
maintenant
36%
Smiley
36%
triste
36%
Alright
32%
bem
32%
Bitch
32%
centre-ville
32%
cloque
32%
Don
32%
fétez
32%
sont
32%
symphonies
32%
tombe
32%
tudo
32%
CMB
27%
Digital-Mundo
27%
[Pont : Jok'Air] Hey
27%
J'file
27%
l'club
27%
mains
27%
(Ouh, ouh)
27%
plugs
27%
propres
27%
réseau
27%
sales
27%
[Refrain] Vive le gang
27%
vrais
27%
avec
23%
clones
23%
Gloire
23%
God
23%
Julio
23%
(Oh no)
23%
pauvre
23%
qu'pour
23%
r'commence
23%
t'sais
23%
(Yeah)
23%
Air Force
18%
(Gros culs)
18%
(Non)
18%
O-dog
18%
s'est
18%
sort
18%
bande
14%
banque
14%
bas
14%
block
14%
clope
14%
J'ride
14%
(Ouais ouais)
14%
souriant
14%
taxeur
14%
illets-bi
9%
faits
5%
(Han)
5%
J'essaie
5%
(Menotté yeah yeah yeah)
0%
Tou-touh
0%
Aucun quiz correspondant
Distribution des résultats
% des personnes avec chaque résultat
Percentile par nombre de réponses
Votre historique - résultats
Vous n’avez pas pris ce quiz